书目信息 |
| 题名: |
死·永生·上帝
|
|
| 作者: | 舍勒 著 ;孙周兴 | |
| 分册: | ||
| 出版信息: | 北京 中国人民大学出版社 2010.02 |
|
| 页数: | 206页 | |
| 开本: | 22cm | |
| 丛书名: | 朗朗书房. 历代基督教经典思想文库 | |
| 单 册: | ||
| 中图分类: | B92 | |
| 科图分类: | ||
| 主题词: | 宗教 | |
| 电子资源: | ||
| ISBN: | 978-7-300-04959-5 | |
| 000 | 00895 nam 000265 | |
| 001 | 0100016996 | |
| 005 | 20100807142044.17 | |
| 010 | @a978-7-300-04959-5@dCNY19.90 | |
| 100 | @a20100515d1997 em y0chiy0121 ea | |
| 101 | 1 | @achi@ceng |
| 102 | @aCN@b110000 | |
| 105 | @ay z 000yy | |
| 200 | 10 | @a死·永生·上帝@Asi yong sheng shang di@f(德) 舍勒著@F(de)she le zhu@g孙周兴@Gsun zhou xing |
| 210 | @a北京@c中国人民大学出版社@d2010.02 | |
| 215 | @a206页@d22cm | |
| 225 | @a朗朗书房. 历代基督教经典思想文库 | |
| 330 | @a本书对信仰进行研究,提供了现象学的上帝理念论方案,探讨现代人为何不再信仰固体的永生,并就哲学和审判监督学的一般关系等进行论述。 | |
| 410 | 0 | @12001 @a朗朗书房. 历代基督教经典思想文库 |
| 540 | @a死·永生·上帝 | |
| 606 | 0 | @a宗教 |
| 690 | @aB92@v4 | |
| 701 | 1 | @a舍勒@Ashe le@4著 |
| 702 | 0 | @a孙周兴@Asun zhou xing |
| 801 | @aCN@c20100515 | |
| 905 | @dB92@eS354@f5 | |
| 死·永生·上帝/(德) 舍勒著/孙周兴.-北京:中国人民大学出版社,2010.02 |
| 206页;22cm.-(朗朗书房. 历代基督教经典思想文库) |
| ISBN 978-7-300-04959-5:CNY19.90 |
| 本书对信仰进行研究,提供了现象学的上帝理念论方案,探讨现代人为何不再信仰固体的永生,并就哲学和审判监督学的一般关系等进行论述。 |
| ● |
| 相关链接 |
|
|
|
正题名:死·永生·上帝
索取号:B92/S354
 
预约/预借
| 序号 | 登录号 | 条形码 | 馆藏地/架位号 | 状态 | 备注 |
| 1 | 999203 | 209992034 | 自科二线400A/400A自科库 11排3列2层/ [索取号:B92/S354] | 在馆 | |
| 2 | 999204 | 209992043 | 自科二线400A/400A自科库 11排2列6层/ [索取号:B92/S354] | 在馆 | |
| 3 | 999205 | 209992052 | 自科二线400A/400A自科库 11排3列2层/ [索取号:B92/S354] | 在馆 | |
| 4 | 999206 | 209992061 | 自科二线400A/400A自科库 12排3列3层/ [索取号:B92/S354] | 在馆 | |
| 5 | 999207 | 209992070 | 自科二线400A/400A自科库 11排3列2层/ [索取号:B92/S354] | 在馆 |